书目信息 |
| 000 | 00431nam0 2200157 450 | |
| 001 | 202410291062938697 | |
| 005 | 20241029164726.45 | |
| 100 | @a20241029d km y0chiy0120 ea | |
| 101 | 0 | @achi |
| 200 | 1 | @a那场战争靠百姓养活@ANa Chang Zhan Zheng Kao Bai Xing Yang Huo |
| 210 | @d1997.11 | |
| 215 | @d24cm | |
| 606 | 0 | @a政治 |
| 690 | @aD73@v4 | |
| 801 | 0 | @aCN@b大连网信软件有限公司图书馆·11@c20241029 |
| 905 | @aZUCC@b1430837@dD73@e510@f1 | |
| 那场战争靠百姓养活.-1997.11 |
| 24cm |
| ISBN : |
| ● |
| 相关链接 |
|
|
|
|
正题名:那场战争靠百姓养活
索取号:D73/510
 
预约/预借
| 序号 | 登录号 | 条形码 | 馆藏地/架位号 | 状态 | 备注 |
| 1 | 1430837 | 214308373 | 密集书库-史法系/ [索取号:D73/510] | 在馆 |